Political ideologies : (Record no. 18451)
[ view plain ]
| 000 -LEADER | |
|---|---|
| fixed length control field | 01078cam a22003255a 4500 |
| 001 - CONTROL NUMBER | |
| control field | 015776037 |
| 003 - CONTROL NUMBER IDENTIFIER | |
| control field | OSt |
| 005 - DATE AND TIME OF LATEST TRANSACTION | |
| control field | 20201128021105.0 |
| 008 - FIXED-LENGTH DATA ELEMENTS--GENERAL INFORMATION | |
| fixed length control field | 110318t2014 enk frb 001 0 eng d |
| 020 ## - INTERNATIONAL STANDARD BOOK NUMBER | |
| International Standard Book Number | 9780415618168 (hbk.) |
| 020 ## - INTERNATIONAL STANDARD BOOK NUMBER | |
| International Standard Book Number | 0415618169 (hbk.) |
| 020 ## - INTERNATIONAL STANDARD BOOK NUMBER | |
| International Standard Book Number | 9780415618175 (pbk.) |
| 020 ## - INTERNATIONAL STANDARD BOOK NUMBER | |
| International Standard Book Number | 0415618177 (pbk.) |
| 020 ## - INTERNATIONAL STANDARD BOOK NUMBER | |
| Cancelled/invalid ISBN | 9781315814384 (ebook) |
| 040 ## - CATALOGING SOURCE | |
| Original cataloging agency | StDuBDS |
| Language of cataloging | eng |
| Transcribing agency | StDuBDS |
| Modifying agency | Uk |
| -- | EG-ScBUE |
| 082 04 - DEWEY DECIMAL CLASSIFICATION NUMBER | |
| Classification number | 320.5 |
| Edition number | 22 |
| Item number | POL |
| 245 00 - TITLE STATEMENT | |
| Title | Political ideologies : |
| Remainder of title | an introduction / |
| Statement of responsibility, etc | edited by Vincent Geoghegan and Rick Wilford. |
| 250 ## - EDITION STATEMENT | |
| Edition statement | 4th ed. |
| 260 ## - PUBLICATION, DISTRIBUTION, ETC. (IMPRINT) | |
| Place of publication, distribution, etc | Oxon ; |
| -- | New York : |
| Name of publisher, distributor, etc | Routledge, |
| Date of publication, distribution, etc | c.2014 |
| Place of manufacture | ([Croydon] : |
| Manufacturer | CPI Group (UK) Ltd.) |
| 300 ## - PHYSICAL DESCRIPTION | |
| Extent | ix, 336 p. ; |
| Dimensions | 26 cm. |
| 500 ## - GENERAL NOTE | |
| General note | Index : p. 311-336. |
| 504 ## - BIBLIOGRAPHY, ETC. NOTE | |
| Bibliography, etc | Includes bibliographical references. |
| 650 #7 - SUBJECT ADDED ENTRY--TOPICAL TERM | |
| Topical term or geographic name as entry element | Political science. |
| 9 (RLIN) | 1313 |
| Source of heading or term | BUEsh |
| 650 #7 - SUBJECT ADDED ENTRY--TOPICAL TERM | |
| Topical term or geographic name as entry element | Ideology. |
| 9 (RLIN) | 1315 |
| Source of heading or term | BUEsh |
| 651 ## - SUBJECT ADDED ENTRY--GEOGRAPHIC NAME | |
| Source of heading or term | BUEsh |
| 653 ## - INDEX TERM--UNCONTROLLED | |
| Resource For college | BAEPS, Political Science |
| Arrived date list | October2014 |
| -- | October2015 |
| 700 1# - ADDED ENTRY--PERSONAL NAME | |
| Personal name | Geoghegan, Vincent |
| 9 (RLIN) | 36207 |
| Relator term | editor. |
| 700 1# - ADDED ENTRY--PERSONAL NAME | |
| Personal name | Wilford, Rick, |
| Dates associated with a name | 1947- |
| 9 (RLIN) | 23737 |
| Relator term | editor. |
| 942 ## - ADDED ENTRY ELEMENTS (KOHA) | |
| Source of classification or shelving scheme | Dewey Decimal Classification |
| Call number prefix | 320.5 POL |
| Withdrawn status | Item status | Source of classification or shelving scheme | Damaged status | Not for loan | Vendor | Home library | Current library | Shelving location | Date acquired | Source of acquisition | Cost, normal purchase price | Total Checkouts | Full call number | Barcode | Date last seen | Cost, replacement price | Koha item type | Total Renewals | Date last borrowed |
|---|---|---|---|---|---|---|---|---|---|---|---|---|---|---|---|---|---|---|---|
| Dewey Decimal Classification | Baccah | Central Library | Central Library | First floor | 14/10/2014 | 220.00 | 320.5 POL | 000036638 | 15/07/2025 | 275.00 | NB - Book (Non borrowing) | ||||||||
| Dewey Decimal Classification | Baccah | Central Library | Central Library | First floor | 14/10/2014 | 220.00 | 6 | 320.5 POL | 000036639 | 15/07/2025 | 275.00 | Book - Borrowing | 60 | 28/09/2019 | |||||
| Dewey Decimal Classification | Baccah | Central Library | Central Library | First floor | 14/10/2014 | 220.00 | 3 | 320.5 POL | 000036640 | 15/07/2025 | 275.00 | Book - Borrowing | 21 | 20/11/2017 | |||||
| Dewey Decimal Classification | Baccah | Central Library | Central Library | First floor | 14/10/2014 | 220.00 | 12 | 320.5 POL | 000036641 | 15/07/2025 | 275.00 | Book - Borrowing | 71 | 17/02/2020 | |||||
| Dewey Decimal Classification | Baccah | Central Library | Central Library | First floor | 14/10/2014 | 6 | 320.5 POL | 000036642 | 15/07/2025 | Book - Borrowing | 40 | 20/10/2021 | |||||||
| Dewey Decimal Classification | Baccah | Central Library | Central Library | First floor | 14/10/2014 | 4 | 320.5 POL | 000036643 | 15/07/2025 | Book - Borrowing | 26 | 09/09/2019 | |||||||
| Dewey Decimal Classification | Baccah | Central Library | Central Library | First floor | 14/10/2014 | 10 | 320.5 POL | 000036644 | 15/07/2025 | Book - Borrowing | 20 | 24/10/2017 | |||||||
| Dewey Decimal Classification | Baccah | Central Library | Central Library | First floor | 14/10/2014 | 8 | 320.5 POL | 000036645 | 15/07/2025 | Book - Borrowing | 21 | 23/01/2020 | |||||||
| Dewey Decimal Classification | Baccah | Central Library | Central Library | First floor | 26/10/2015 | Purchase | 2 | 320.5 POL | 000031092 | 15/07/2025 | Book - Borrowing | 18 | 05/03/2018 | ||||||
| Dewey Decimal Classification | Baccah | Central Library | Central Library | First floor | 26/10/2015 | Purchase | 5 | 320.5 POL | 000031093 | 15/07/2025 | Book - Borrowing | 19 | 22/09/2019 | ||||||
| Dewey Decimal Classification | Baccah | Central Library | Central Library | First floor | 26/10/2015 | Purchase | 12 | 320.5 POL | 000031094 | 15/07/2025 | Book - Borrowing | 21 | 18/12/2019 |